000 00289nam a22001337a 4500
008 170504b xxu||||| |||| 00| 0 eng d
020 _a0314238751
041 _aeng
080 _22ND
_a342
100 _a14
101 _aSHJ
245 _aADMINISTRATIVE LAW
_cAMAN, A.C
942 _2udc
_cBK
999 _c12655
_d12655